000
00291nam a2200133Ia 4500
100
_a
Satyanarayana/S
942
_c
BK
654
_a
Network
245
_a
Network theory analysis and synthesis
260
_b
Technova
_a
Pune
_c
1995
082
_a
4.6
_b
SAT
300
_a
482
546
_a
ENGLISH
999
_c
25572
_d
25572